000 00299nam a2200121Ia 4500
008 190216s9999||||xx |||||||||||||| ||und||
100 _aAlek Josh
245 0 _aIndian Economy Its Nature And Problems
260 _bThe World Press Pvt Ltd
_c1984
300 _a871p
650 _aEconomics
942 _cBK
999 _c9184
_d9184